Normal view
MARC view
Entry Topical Term
001 - CONTROL NUMBER
- control field: 15490
003 - CONTROL NUMBER IDENTIFIER
- control field: OSt
005 - DATE AND TIME OF LATEST TRANSACTION
- control field: 20211206121858.0
008 - FIXED-LENGTH DATA ELEMENTS
- fixed length control field: 211206|| aca||aabn | a|a d
040 ## - CATALOGING SOURCE
- Original cataloging agency: OSt
- Transcribing agency: OSt
150 ## - HEADING--TOPICAL TERM
- Topical term or geographic name entry element: Corporations -- Accounting.
670 ## - SOURCE DATA FOUND
- Source citation: Work cat.: (OSt): Libby, Robert; Patricia A. Libby; Frank ,Hodge 15489, Financial Accounting ., c2017
